[Event "Catalunya-chT Gp2 Final"]
[Site "Barcelona"]
[Date "2023.03.18"]
[Round "2.3"]
[White "Vidal Zamora, Alex"]
[Black "Munoz Pantoja, Miguel Angel"]
[Result "1/2-1/2"]
[WhiteElo "2398"]
[BlackElo "2339"]
[PlyCount "51"]
[EventDate "2023.03.11"]
[EventType "team-k.o."]
[EventRounds "4"]
[EventCountry "ESP"]
[SourceTitle "EXT 2024"]
[Source "ChessBase"]
[SourceDate "2023.10.10"]
[SourceVersion "1"]
[SourceVersionDate "2023.10.10"]
[SourceQuality "1"]
[WhiteTeam "Olot"]
[BlackTeam "Lira Vendrellenca"]
[WhiteTeamCountry "ESP"]
[BlackTeamCountry "ESP"]

1. d4 Nf6 2. c4 g6 3. g3 Bg7 4. Bg2 0-0 5. Nc3 c5 6. d5 d6 7. e4 e6 8. Nge2 exd5 9. cxd5 a6 10. a4 Nbd7 11. 0-0 Rb8 12. Rb1 a5 13. h3 Ne8 14. g4 Nc7 15. f4 b5 16. e5 dxe5 17. d6 Ne6 18. Nd5 exf4 19. Ne7+ Kh8 20. Nc6 Qb6 21. Nxb8 Qxb8 22. Nxf4 Nd4 23. axb5 Qxd6 24. Ra1 Nb6 25. Rxa5 Bd7 26. Re1 1/2-1/2

[Event "Catalunya-chT Gp2"]
[Site "Barcelona"]
[Date "2023.01.21"]
[Round "?"]
[White "Garcia Ramos, Daniel"]
[Black "Vidal Zamora, Alex"]
[Result "1-0"]
[WhiteElo "2433"]
[BlackElo "2399"]
[PlyCount "85"]
[EventDate "2023.01.21"]
[EventType "team-tourn"]
[EventRounds "7"]
[EventCountry "ESP"]
[SourceTitle "CBM 212 Extra"]
[Source "ChessBase"]
[SourceDate "2023.03.31"]
[SourceVersion "1"]
[SourceVersionDate "2023.03.31"]
[SourceQuality "1"]
[WhiteTeam "Colon Sabadell"]
[BlackTeam "Olot"]
[WhiteTeamCountry "ESP"]
[BlackTeamCountry "ESP"]

1. e4 e6 2. d4 d5 3. Nc3 Nf6 4. e5 Nfd7 5. f4 c5 6. Nf3 Nc6 7. Be3 Be7 8. Qd2 0-0 9. dxc5 Qa5 10. a3 Bxc5 11. 0-0-0 a6 12. Bxc5 Nxc5 13. Nd4 Bd7 14. Kb1 Nxd4 15. Qxd4 Na4 16. Nxa4 Qxa4 17. Qxa4 Bxa4 18. Rd4 Bb5 19. Bxb5 axb5 20. Rb4 Ra5 21. Rd1 Rc8 22. Rd3 Rc5 23. Kc1 Kf8 24. Kd2 b6 25. g4 h6 26. Rf3 Ra4 27. Rfb3 Rxb4 28. Rxb4 g5 29. c3 Rc4 30. Rxb5 Rxf4 31. h3 Rf2+ 32. Ke3 Rh2 33. Rxb6 Rxh3+ 34. Kf2 Rd3 35. a4 d4 36. cxd4 Rxd4 37. a5 Rxg4 38. b4 Rf4+ 39. Ke3 Rf1 40. a6 Ra1 41. Rd6 Kg7 42. b5 Ra4 43. b6 1-0

[Event "Girona-ch"]
[Site "Sant Gregori"]
[Date "2019.11.24"]
[Round "6"]
[White "Banos, Oscar Francisco"]
[Black "Vidal Zamora, Alex"]
[Result "1-0"]
[WhiteElo "2179"]
[BlackElo "2409"]
[PlyCount "63"]
[EventDate "2019.10.13"]
[EventType "swiss"]
[EventRounds "9"]
[EventCountry "ESP"]
[SourceTitle "CBM 194 Extra"]
[Source "ChessBase"]
[SourceDate "2020.03.31"]
[SourceVersion "1"]
[SourceVersionDate "2020.03.31"]
[SourceQuality "1"]

1. d4 Nf6 2. Nf3 e6 3. e3 b6 4. Bd3 Bb7 5. 0-0 c5 6. c4 Be7 7. Nc3 cxd4 8. exd4 d5 9. cxd5 Nxd5 10. Ne5 0-0 11. Qg4 Nf6 12. Qh4 Nc6 13. Bg5 g6 14. Ba6 h6 15. Bxh6 Ng4 16. Qxg4 Nxe5 17. dxe5 Bxa6 18. Bxf8 Bxf8 19. Rfe1 Qc7 20. h4 Bg7 21. f4 Qc5+ 22. Kh2 Qb4 23. Rad1 Qxb2 24. Ne4 Bb7 25. Re2 Qb4 26. Nf6+ Kf8 27. Red2 Bh6 28. Rd8+ Kg7 29. R1d4 Qe7 30. Nh5+ Kh7 31. R8d7 gxh5 32. Qxh5 1-0

[Event "Barcelona Sants op 21st"]
[Site "Barcelona"]
[Date "2019.09.01"]
[Round "10"]
[White "Vidal Zamora, Alex"]
[Black "Alinasab, Mobina"]
[Result "1/2-1/2"]
[WhiteElo "2430"]
[BlackElo "2280"]
[PlyCount "39"]
[EventDate "2019.08.23"]
[EventType "swiss"]
[EventRounds "10"]
[EventCountry "ESP"]
[SourceTitle "EXT 2020"]
[Source "ChessBase"]
[SourceDate "2019.10.17"]
[SourceVersion "1"]
[SourceVersionDate "2019.10.17"]
[SourceQuality "1"]

1. d4 Nf6 2. c4 e6 3. Nc3 Bb4 4. e3 b6 5. Nge2 Ne4 6. Qc2 Bb7 7. a3 Bxc3+ 8. Nxc3 Nxc3 9. Qxc3 Qh4 10. b4 d6 11. Bb2 0-0 12. d5 e5 13. Bd3 Nd7 14. 0-0 c6 15. Bf5 Rfd8 16. dxc6 Bxc6 17. f4 Nf6 18. Rad1 Ng4 19. Bxg4 Qxg4 20. Rd2 1/2-1/2

[Event "Barcelona Sants op 21st"]
[Site "Barcelona"]
[Date "2019.08.27"]
[Round "5"]
[White "Gullaksen, Eirik Tvedt"]
[Black "Vidal Zamora, Alex"]
[Result "1-0"]
[WhiteElo "2322"]
[BlackElo "2430"]
[PlyCount "107"]
[EventDate "2019.08.23"]
[EventType "swiss"]
[EventRounds "10"]
[EventCountry "ESP"]
[SourceTitle "EXT 2020"]
[Source "ChessBase"]
[SourceDate "2019.10.17"]
[SourceVersion "1"]
[SourceVersionDate "2019.10.17"]
[SourceQuality "1"]

1. d4 Nf6 2. c4 e6 3. Nf3 b6 4. a3 Bb7 5. Nc3 d5 6. cxd5 Nxd5 7. Qc2 Nxc3 8. bxc3 Be7 9. e4 Nd7 10. Bd3 c5 11. 0-0 Qc7 12. Qe2 0-0 13. Re1 Rfd8 14. Bb2 Nf8 15. Rad1 Ng6 16. g3 Bf8 17. h4 Ne7 18. Bb1 Rac8 19. h5 cxd4 20. cxd4 Qc4 21. Qd2 Qb5 22. d5 exd5 23. Nd4 Qa5 24. Qxa5 bxa5 25. e5 Nc6 26. e6 Nxd4 27. exf7+ Kxf7 28. Rxd4 Bc5 29. Rg4 d4 30. Bxh7 Rc6 31. Bg6+ Kf8 32. Bxd4 Bxa3 33. Rf4+ Kg8 34. Rf7 Bb4 35. Rxg7+ Kf8 36. Rf7+ Kg8 37. Rxb7 Bxe1 38. Bh7+ Kf8 39. Bg7+ Ke8 40. Bg6+ Rxg6 41. hxg6 Rd6 42. Rb8+ Kd7 43. Kf1 Bb4 44. Bf6 Rxf6 45. g7 Rg6 46. g8Q Rxg8 47. Rxg8 a4 48. Rg7+ Be7 49. Rg4 a3 50. Ke2 Bc5 51. f3 Kc6 52. Kd3 Bd6 53. Kc3 a5 54. Rg6 1-0

[Event "Miquel Mas op 20th"]
[Site "Castell de Sant Ferran"]
[Date "2019.08.13"]
[Round "1"]
[White "Vidal Zamora, Alex"]
[Black "Lazaro Porta, Angel"]
[Result "1-0"]
[WhiteElo "2430"]
[BlackElo "1884"]
[PlyCount "69"]
[EventDate "2019.08.13"]
[EventType "swiss"]
[EventRounds "9"]
[EventCountry "ESP"]
[SourceTitle "EXT 2020"]
[Source "ChessBase"]
[SourceDate "2019.10.17"]
[SourceVersion "1"]
[SourceVersionDate "2019.10.17"]
[SourceQuality "1"]

1. d4 Nf6 2. c4 e6 3. Nc3 Bb4 4. e3 0-0 5. Nge2 b6 6. a3 Bxc3+ 7. Nxc3 Bb7 8. f3 Nh5 9. Qc2 f5 10. Qf2 Nc6 11. Be2 f4 12. 0-0 Na5 13. e4 Nb3 14. Rb1 Nxc1 15. Rfxc1 Qg5 16. Bd3 d6 17. c5 Kh8 18. cxd6 cxd6 19. Ne2 Rac8 20. Qe1 Qe7 21. Rxc8 Rxc8 22. Rc1 e5 23. Rxc8+ Bxc8 24. Qc3 Bb7 25. Qb4 Qd8 26. Qa4 a5 27. Qb5 h6 28. Qc4 Nf6 29. Nc3 d5 30. exd5 exd4 31. Qxd4 Nxd5 32. Bc4 Qh4 33. Nxd5 Qe1+ 34. Bf1 Bxd5 35. Qxd5 1-0

[Event "Platja d'Aro op-A 7th"]
[Site "Platja d'Aro"]
[Date "2019.06.29"]
[Round "7"]
[White "Perez Mitjans, Orelvis"]
[Black "Vidal Zamora, Alex"]
[Result "1/2-1/2"]
[WhiteElo "2407"]
[BlackElo "2423"]
[PlyCount "36"]
[EventDate "2019.06.24"]
[EventType "swiss"]
[EventRounds "9"]
[EventCountry "ESP"]
[SourceTitle "CBM 191 Extra"]
[Source "ChessBase"]
[SourceDate "2019.09.30"]
[SourceVersion "1"]
[SourceVersionDate "2019.09.30"]
[SourceQuality "1"]

1. e4 e6 2. d3 d5 3. Nd2 Nf6 4. Ngf3 c5 5. g3 Nc6 6. Bg2 Be7 7. 0-0 b6 8. Re1 Bb7 9. c3 Qc7 10. a3 a5 11. e5 Nd7 12. d4 cxd4 13. cxd4 Ba6 14. Nf1 Rc8 15. Bf4 Qb7 16. h4 h6 17. N3h2 Bb5 18. Rc1 a4 1/2-1/2

[Event "Platja d'Aro op-A 7th"]
[Site "Platja d'Aro"]
[Date "2019.06.27"]
[Round "4"]
[White "Vidal Zamora, Alex"]
[Black "Jimenez Ruano, Adrian"]
[Result "1/2-1/2"]
[WhiteElo "2423"]
[BlackElo "2345"]
[PlyCount "20"]
[EventDate "2019.06.24"]
[EventType "swiss"]
[EventRounds "9"]
[EventCountry "ESP"]
[SourceTitle "CBM 191 Extra"]
[Source "ChessBase"]
[SourceDate "2019.09.30"]
[SourceVersion "1"]
[SourceVersionDate "2019.09.30"]
[SourceQuality "1"]

1. d4 d5 2. c4 c6 3. Nf3 Nf6 4. Nc3 g6 5. e3 Bg7 6. Be2 0-0 7. 0-0 Nbd7 8. cxd5 cxd5 9. Qb3 e6 10. Bd2 Ne4 1/2-1/2

[Event "Catalunya-chT GpB final"]
[Site "Barcelona"]
[Date "2019.03.23"]
[Round "3.1"]
[White "Movsziszian, Karen"]
[Black "Vidal Zamora, Alex"]
[Result "1/2-1/2"]
[WhiteElo "2485"]
[BlackElo "2421"]
[PlyCount "63"]
[EventDate "2019.03.09"]
[EventType "team-tourn"]
[EventRounds "4"]
[EventCountry "ESP"]
[SourceTitle "EXT 2020"]
[Source "ChessBase"]
[SourceDate "2019.10.17"]
[SourceVersion "1"]
[SourceVersionDate "2019.10.17"]
[SourceQuality "1"]
[WhiteTeam "Sant Andreu"]
[BlackTeam "Olot"]
[WhiteTeamCountry "ESP"]
[BlackTeamCountry "ESP"]

1. g3 d5 2. Nf3 c6 3. Bg2 Bg4 4. c4 e6 5. cxd5 Bxf3 6. Bxf3 cxd5 7. 0-0 Nc6 8. d3 Nf6 9. Bg2 Be7 10. Nc3 0-0 11. Bd2 Rc8 12. Qa4 Nd7 13. Rfc1 a6 14. Qd1 b5 15. e3 Nf6 16. a3 Qb6 17. b4 Rfd8 18. Ne2 Ne8 19. Ra2 Nd6 20. Rac2 Na7 21. Bc3 Nc6 22. Nd4 Nxd4 23. Bxd4 Qb7 24. Bc5 h6 25. h4 Qd7 26. Kh2 Qb7 27. Qg4 Bf6 28. Qh5 Nf5 29. e4 Nd4 30. e5 g6 31. Qg4 Rxc5 32. Rxc5 1/2-1/2

[Event "Catalunya-chT Gp2"]
[Site "Barcelona"]
[Date "2019.02.09"]
[Round "4.2"]
[White "Vidal Zamora, Alex"]
[Black "Aloma Vidal, Roberto"]
[Result "1/2-1/2"]
[WhiteElo "2421"]
[BlackElo "2427"]
[PlyCount "135"]
[EventDate "2019.01.19"]
[EventType "team-tourn"]
[EventRounds "7"]
[EventCountry "ESP"]
[SourceTitle "CBM 188 Extra"]
[Source "ChessBase"]
[SourceDate "2019.02.26"]
[SourceVersion "1"]
[SourceVersionDate "2019.02.26"]
[SourceQuality "1"]
[WhiteTeam "Olot"]
[BlackTeam "Andorra"]
[WhiteTeamCountry "ESP"]
[BlackTeamCountry "AND"]

1. d4 d5 2. c4 dxc4 3. Nf3 Nf6 4. Nc3 a6 5. a4 c5 6. d5 e6 7. e4 exd5 8. exd5 Bd6 9. Bxc4 0-0 10. h3 Re8+ 11. Be3 Nbd7 12. 0-0 Nf8 13. Re1 h6 14. Qd2 Bf5 15. Bd3 Qd7 16. Bxf5 Qxf5 17. Rad1 N8d7 18. Qe2 Ne5 19. Nh4 Qd7 20. Nf3 b6 21. Nd2 Qf5 22. Nc4 Nxc4 23. Qxc4 Qe5 24. g3 Qf5 25. Kg2 g5 26. Re2 Nd7 27. Rde1 Bf8 28. Bc1 Rxe2 29. Qxe2 Bg7 30. g4 Qg6 31. Qe7 Nf8 32. Ne4 f5 33. Ng3 fxg4 34. hxg4 Bf6 35. Qb7 Re8 36. Rxe8 Qxe8 37. Qxb6 Kf7 38. Qxc5 Qxa4 39. b4 Qd1 40. Qc4 Nd7 41. d6+ Ke8 42. Nf5 Nf8 43. Be3 h5 44. gxh5 Qxh5 45. Ng3 Qd1 46. Qxa6 Qd5+ 47. Kh2 Ne6 48. Qc8+ Bd8 49. Bc5 Nf4 50. Ne4 Qxe4 51. Qg4 Qh7+ 52. Kg1 Qb1+ 53. Kh2 Qd3 54. b5 Qxb5 55. Qf5 Bf6 56. Qxf6 Qd7 57. Qh8+ Kf7 58. Qh7+ Ke6 59. Qe7+ Qxe7 60. dxe7 Kf7 61. Kg3 Ng6 62. Kg4 Ne5+ 63. Kg3 Ng6 64. Bb4 Nxe7 65. Bxe7 Kxe7 66. Kg4 Kf6 67. f4 gxf4 68. Kxf4 1/2-1/2

[Event "Catalunya-chT Gp2"]
[Site "Barcelona"]
[Date "2019.01.19"]
[Round "1.1"]
[White "Cuartas, Jaime Alexander"]
[Black "Vidal Zamora, Alex"]
[Result "1/2-1/2"]
[WhiteElo "2516"]
[BlackElo "2421"]
[PlyCount "150"]
[EventDate "2019.01.19"]
[EventType "team-tourn"]
[EventRounds "7"]
[EventCountry "ESP"]
[SourceTitle "CBM 188 Extra"]
[Source "ChessBase"]
[SourceDate "2019.02.26"]
[SourceVersion "1"]
[SourceVersionDate "2019.02.26"]
[SourceQuality "1"]
[WhiteTeam "Barbera"]
[BlackTeam "Olot"]
[WhiteTeamCountry "ESP"]
[BlackTeamCountry "ESP"]

1. d4 Nf6 2. Nf3 e6 3. e3 b6 4. Bd3 Bb7 5. Nbd2 d5 6. 0-0 c5 7. b3 Nc6 8. Bb2 Bd6 9. Ne5 0-0 10. f4 Nb4 11. Be2 Rc8 12. a3 Nc6 13. Bd3 Ne7 14. Qe2 Qc7 15. dxc5 bxc5 16. Ng4 Nd7 17. c4 f5 18. Nf2 e5 19. cxd5 Nxd5 20. Bc4 Kh8 21. Nh3 h6 22. Bxd5 Bxd5 23. Nc4 Bxc4 24. bxc4 exf4 25. Nxf4 Bxf4 26. Rxf4 Qb6 27. Raf1 Qe6 28. Qf3 Rce8 29. h3 Ne5 30. Bxe5 Qxe5 31. e4 Qd4+ 32. Kh1 Qxc4 33. exf5 Qa6 34. Qc3 Rf6 35. Qxc5 Kh7 36. Kh2 Re2 37. Qc4 Re3 38. Qxa6 Rxa6 39. a4 Ra3 40. Rc1 R3xa4 41. Rf3 Ra3 42. Rff1 Rf6 43. Rc7 Kg8 44. Rf4 a6 45. Rg4 Rf7 46. Rc5 Rb3 47. Rg6 Rb5 48. Rc8+ Rf8 49. Rxf8+ Kxf8 50. f6 gxf6 51. Rxf6+ Kg7 52. Rxa6 Rb7 53. Kg3 Rc7 54. Re6 Rb7 55. Kg4 Ra7 56. g3 Rb7 57. h4 Ra7 58. Re5 Rb7 59. Kf5 Ra7 60. g4 Rb7 61. Rd5 Re7 62. Rd4 Rf7+ 63. Ke6 Rf6+ 64. Ke5 Rf7 65. Rc4 Ra7 66. Kd6 Ra6+ 67. Kd7 Kf6 68. Rf4+ Kg6 69. Rd4 Kg7 70. Ke7 Rb6 71. h5 Ra6 72. Re4 Rb6 73. Ra4 Rb7+ 74. Kd6 Kf6 75. Ra5 Rb4 1/2-1/2

[Event "Girona-ch"]
[Site "Banyoles"]
[Date "2018.11.04"]
[Round "5"]
[White "Lazaro Pujol, Abel"]
[Black "Vidal Zamora, Alex"]
[Result "1/2-1/2"]
[WhiteElo "2096"]
[BlackElo "2413"]
[PlyCount "82"]
[EventDate "2018.09.30"]
[EventType "swiss"]
[EventRounds "9"]
[EventCountry "ESP"]
[SourceTitle "CBM 187 Extra"]
[Source "ChessBase"]
[SourceDate "2018.11.04"]
[SourceVersion "1"]
[SourceVersionDate "2018.11.04"]
[SourceQuality "1"]

1. e4 c5 2. Nf3 d6 3. d4 cxd4 4. Nxd4 Nf6 5. Nc3 Nc6 6. Be2 e5 7. Nf3 h6 8. 0-0 Be7 9. Re1 0-0 10. h3 Be6 11. Bf1 Qd7 12. Nd5 Bd8 13. c4 Rc8 14. a3 Bxd5 15. exd5 Ne7 16. b4 b5 17. c5 Nexd5 18. cxd6 e4 19. Nd4 a6 20. Bb2 Qxd6 21. Nf5 Qe6 22. Ne3 Bb6 23. Bd4 Rfd8 24. Bxb6 Nxb6 25. Qe2 Na4 26. Rac1 Qb3 27. Rxc8 Rxc8 28. Ng4 Nxg4 29. Qxg4 Rd8 30. Qxe4 Qxa3 31. Qe7 Rf8 32. Rd1 Qc3 33. Rd7 Qc8 34. Bd3 Nb6 35. Rc7 Qe8 36. Qd6 Qe1+ 37. Bf1 Qe6 38. Qxe6 fxe6 39. Rc6 Nd5 40. Rxa6 Kf7 41. Bxb5 Nxb4 1/2-1/2

[Event "Miquel Mas op 19th"]
[Site "Castell de Sant Ferran"]
[Date "2018.08.11"]
[Round "4"]
[White "Vidal Zamora, Alex"]
[Black "Colls Gelaberto, Emilio"]
[Result "1-0"]
[WhiteElo "2404"]
[BlackElo "2093"]
[PlyCount "101"]
[EventDate "2018.08.09"]
[EventType "swiss"]
[EventRounds "9"]
[EventCountry "ESP"]
[SourceTitle "CBM 186 Extra"]
[Source "ChessBase"]
[SourceDate "2018.08.24"]
[SourceVersion "1"]
[SourceVersionDate "2018.08.24"]
[SourceQuality "1"]

1. d4 Nf6 2. c4 g6 3. g3 Bg7 4. Bg2 0-0 5. Nc3 c6 6. e4 d6 7. Nge2 e5 8. 0-0 Na6 9. f3 Qe7 10. Be3 exd4 11. Bxd4 Be6 12. b3 Nc7 13. Qd2 Rfd8 14. Kh1 Nfe8 15. Rae1 Bxd4 16. Nxd4 Bd7 17. f4 Ne6 18. Nf3 Nc5 19. Qd4 a5 20. h3 Bc8 21. Kh2 Nc7 22. Rf2 b5 23. cxb5 Nxb5 24. Qe3 Nxc3 25. Qxc3 Nxe4 26. Ng5 Nxc3 27. Rxe7 d5 28. Nxf7 Rd7 29. Rxd7 Bxd7 30. Ne5 Be8 31. Rc2 Nd1 32. Nxc6 Ne3 33. Rc3 Nxg2 34. Kxg2 Bxc6 35. Rxc6 Re8 36. Kf2 Re4 37. Rc5 d4 38. Re5 Rxe5 39. fxe5 Kf7 40. Kf3 Ke6 41. Ke4 d3 42. Kxd3 Kxe5 43. Kc4 Ke4 44. Kb5 Kf3 45. Kxa5 Kxg3 46. b4 Kxh3 47. b5 g5 48. b6 g4 49. b7 g3 50. b8Q g2 51. Qh8 1-0

[Event "Miquel Mas op 19th"]
[Site "Castell de Sant Ferran"]
[Date "2018.08.09"]
[Round "1"]
[White "Morales Castaneda, Manuel"]
[Black "Vidal Zamora, Alex"]
[Result "0-1"]
[WhiteElo "1697"]
[BlackElo "2404"]
[PlyCount "138"]
[EventDate "2018.08.09"]
[EventType "swiss"]
[EventRounds "9"]
[EventCountry "ESP"]
[SourceTitle "CBM 186 Extra"]
[Source "ChessBase"]
[SourceDate "2018.08.24"]
[SourceVersion "1"]
[SourceVersionDate "2018.08.24"]
[SourceQuality "1"]

1. d4 Nf6 2. c4 e6 3. Nf3 b6 4. g3 Bb7 5. Bg2 Be7 6. 0-0 0-0 7. Nc3 Ne4 8. Nxe4 Bxe4 9. d5 Bf6 10. Qb3 Na6 11. Re1 Nc5 12. Qd1 Qe7 13. Nd2 exd5 14. cxd5 Bxg2 15. Kxg2 Rfe8 16. Qc2 c6 17. dxc6 Rac8 18. Nf3 Rxc6 19. Be3 Qe4 20. Qd2 d5 21. Rad1 Na4 22. Qxd5 Nxb2 23. Qxe4 Rxe4 24. Rd7 Ra4 25. Ne5 Rc8 26. Nxf7 Rxa2 27. Nd6 Rf8 28. Rc1 a5 29. Rcc7 Na4 30. Ne4 Be5 31. Rb7 Rxe2 32. Re7 Ba1 33. Ng5 Bf6 34. Rec7 Nc5 35. Bxc5 bxc5 36. Nf3 a4 37. Rxc5 Rxf2+ 38. Kxf2 Bd4+ 39. Ke2 Bxc5 40. Rb5 Rc8 41. Ra5 a3 42. Ra4 Rb8 43. Kd3 Rb3+ 44. Kc4 Rb4+ 45. Rxb4 Bxb4 46. Nd4 Be7 47. Kb3 Kf7 48. h3 Kf6 49. g4 Ke5 50. Nf5 Bf8 51. Ka2 g6 52. Ne3 Ke4 53. Nc4 Kf4 54. Nd2 Bb4 55. Nc4 Be7 56. Nb6 Kg3 57. Nd5 Bf8 58. Nf6 h6 59. g5 hxg5 60. Ne4+ Kh4 61. Kb3 Be7 62. Nf2 Kg3 63. Ng4 Bd6 64. Nf6 Kxh3 65. Ne4 Be7 66. Nf2+ Kh4 67. Nd3 Bd6 68. Nf2 g4 69. Ne4 g3 0-1

[Event "Catalunya-chT Gp1"]
[Site "Barcelona"]
[Date "2018.02.17"]
[Round "5.2"]
[White "Vidal Zamora, Alex"]
[Black "Gonzalez Rodriguez, Jorge Armando"]
[Result "1-0"]
[WhiteElo "2354"]
[BlackElo "2271"]
[PlyCount "51"]
[EventDate "2018.01.20"]
[EventType "team-tourn"]
[EventRounds "7"]
[EventCountry "ESP"]
[SourceTitle "EXT 2019"]
[Source "ChessBase"]
[SourceDate "2018.10.10"]
[SourceVersion "1"]
[SourceVersionDate "2018.10.10"]
[SourceQuality "1"]
[WhiteTeam "Olot"]
[BlackTeam "Figueres"]
[WhiteTeamCountry "ESP"]
[BlackTeamCountry "ESP"]

1. d4 Nf6 2. c4 e6 3. g3 d5 4. Bg2 c6 5. Nf3 Nbd7 6. 0-0 dxc4 7. a4 a5 8. Nc3 Bb4 9. Qc2 0-0 10. Na2 Nb6 11. Rd1 Be7 12. Ne5 Nfd5 13. e4 Nb4 14. Nxb4 Bxb4 15. Be3 Qd6 16. Rac1 Rd8 17. Bf4 Qe7 18. Be3 Qc7 19. Nxc4 Nxc4 20. Qxc4 Bd7 21. d5 Rac8 22. Bg5 Re8 23. d6 Qb8 24. e5 h6 25. Bxh6 gxh6 26. Qg4+ 1-0

[Event "Palafrugell Gelpi Memorial 30th"]
[Site "Palafrugell"]
[Date "2017.11.18"]
[Round "9"]
[White "Vidal Zamora, Alex"]
[Black "Fernandez Gutierrez, Miquel"]
[Result "1-0"]
[WhiteElo "2372"]
[BlackElo "1995"]
[PlyCount "88"]
[EventDate "2017.09.23"]
[EventType "swiss"]
[EventRounds "9"]
[EventCountry "ESP"]
[SourceTitle "CBM 187 Extra"]
[Source "ChessBase"]
[SourceDate "2018.11.04"]
[SourceVersion "1"]
[SourceVersionDate "2018.11.04"]
[SourceQuality "1"]

1. d4 Nf6 2. c4 g6 3. g3 Bg7 4. Bg2 0-0 5. Nc3 d6 6. Nf3 Nc6 7. 0-0 Bf5 8. Ne1 e5 9. d5 Na5 10. e4 Bg4 11. Qd3 b6 12. b4 Nb7 13. Rb1 a5 14. a3 axb4 15. axb4 Qd7 16. Nc2 Bh3 17. Bd2 Bxg2 18. Kxg2 Nh5 19. Ra1 f5 20. Rxa8 Rxa8 21. Ra1 Rxa1 22. Nxa1 f4 23. Nb3 Nd8 24. c5 bxc5 25. bxc5 Nf7 26. f3 fxg3 27. hxg3 Bh6 28. Bxh6 Nxh6 29. Na5 Nf7 30. Qb5 Qd8 31. Kf2 Qg5 32. Ne2 dxc5 33. Nb3 Qe7 34. Nxc5 Nd6 35. Qb8+ Ne8 36. Ne6 Kf7 37. Qb3 Nd6 38. Qc3 Ne8 39. Qxe5 Nhf6 40. N2d4 Kg8 41. Qg5 Ng7 42. Qc1 Nfe8 43. Qc5 Nh5 44. Qb5 Nd6 1-0

[Event "Palafrugell Gelpi Memorial 30th"]
[Site "Palafrugell"]
[Date "2017.11.04"]
[Round "7"]
[White "Vidal Zamora, Alex"]
[Black "Pages Lopez, David"]
[Result "1-0"]
[WhiteElo "2372"]
[BlackElo "1812"]
[PlyCount "99"]
[EventDate "2017.09.23"]
[EventType "swiss"]
[EventRounds "9"]
[EventCountry "ESP"]
[SourceTitle "CBM 187 Extra"]
[Source "ChessBase"]
[SourceDate "2018.11.04"]
[SourceVersion "1"]
[SourceVersionDate "2018.11.04"]
[SourceQuality "1"]

1. d4 d5 2. c4 Nc6 3. Nf3 Bg4 4. e3 Nf6 5. Nc3 e5 6. dxe5 Nxe5 7. cxd5 c6 8. Be2 Bxf3 9. gxf3 Nxd5 10. Nxd5 Qxd5 11. Qxd5 cxd5 12. Bd2 Bc5 13. Rg1 0-0 14. Bc3 f6 15. 0-0-0 Rad8 16. Rd2 Rd6 17. f4 Nc6 18. Rgd1 Rfd8 19. Bf3 d4 20. Bxc6 dxc3 21. Bd5+ Kf8 22. bxc3 b5 23. Kc2 a5 24. e4 b4 25. c4 Rb8 26. e5 fxe5 27. fxe5 Rdb6 28. Rd3 Ke7 29. Bf3 Bxf2 30. Rd7+ Kf8 31. e6 Rxe6 32. Rf1 Bh4 33. Bd5+ Rf6 34. Rf7+ Ke8 35. R1xf6 Bxf6 36. Ra7 h5 37. Rxa5 Kd7 38. c5 Rc8 39. Kd3 Bc3 40. Kc4 g5 41. Ra6 Rc7 42. Rg6 Bd2 43. Kb5 Ke8 44. Kb6 Rd7 45. Rg8+ Ke7 46. Rg7+ Ke8 47. Rxd7 Kxd7 48. c6+ Kd6 49. c7 Be3+ 50. Kb7 1-0

[Event "Palafrugell Gelpi Memorial 30th"]
[Site "Palafrugell"]
[Date "2017.09.30"]
[Round "2"]
[White "Vidal Zamora, Alex"]
[Black "Dilme Bosch, Enric"]
[Result "1-0"]
[WhiteElo "2372"]
[BlackElo "1957"]
[PlyCount "54"]
[EventDate "2017.09.23"]
[EventType "swiss"]
[EventRounds "9"]
[EventCountry "ESP"]
[SourceTitle "CBM 187 Extra"]
[Source "ChessBase"]
[SourceDate "2018.11.04"]
[SourceVersion "1"]
[SourceVersionDate "2018.11.04"]
[SourceQuality "1"]

1. d4 Nf6 2. c4 e6 3. Nf3 d5 4. Nc3 Bb4 5. Qa4+ Nc6 6. e3 Bd7 7. Qc2 Ne4 8. Bd3 f5 9. 0-0 Bxc3 10. bxc3 0-0 11. Rb1 b6 12. Nd2 Na5 13. cxd5 exd5 14. f3 Nd6 15. Ba3 Nab7 16. e4 fxe4 17. fxe4 Rxf1+ 18. Rxf1 dxe4 19. Nxe4 h6 20. Nxd6 Nxd6 21. Bxd6 cxd6 22. Bc4+ Kh8 23. Qg6 Qg5 24. Qxd6 Qe3+ 25. Kh1 Qxc3 26. Rf8+ Rxf8 27. Qxf8+ Kh7 1-0